Software Project Management (Record no. 127)
[ view plain ]
| 000 -LEADER | |
|---|---|
| Fixed length control field | 00460nam a2200193 4500 |
| 003 - CONTROL NUMBER IDENTIFIER | |
| Control field | SEACOMMC |
| 005 - DATE AND TIME OF LATEST TRANSACTION | |
| Control field | 20231011061642.0 |
| 008 - FIXED-LENGTH DATA ELEMENTS--GENERAL INFORMATION | |
| Fixed length control field | 231011b |||||||| |||| 00| 0 eng d |
| 020 ## - INTERNATIONAL STANDARD BOOK NUMBER / ISBN | |
| Price | 310.00 |
| 040 ## - CATALOGING SOURCE | |
| Original cataloging agency | SEACOMMC |
| 082 ## - DEWEY DECIMAL CLASSIFICATION NUMBER | |
| Classification number | 005.1 |
| Book Number | SOF |
| 100 ## - MAIN ENTRY--PERSONAL NAME | |
| Personal name | Hughes, Bob |
| 245 ## - TITLE STATEMENT | |
| Title | Software Project Management |
| 250 ## - EDITION STATEMENT | |
| Edition statement | 3 rd ed |
| 260 ## - IMPRINT | |
| Place of publication | New Delhi |
| Name of publisher | Tata McGraw Hill |
| Date of publication | 2005 |
| 650 ## - SUBJECT ADDED ENTRY--TOPICAL TERM | |
| Topical term | Computer Science |
| 700 ## - ADDED ENTRY--PERSONAL NAME | |
| Personal name | Mike Cotterill |
| 942 ## - ADDED ENTRY ELEMENTS (KOHA) | |
| Koha item type | Books |
| Withdrawn status | Lost status | Source of classification | Damaged status | Not for loan | Home library | Current library | Date acquired | Total Checkouts | Call number | Accession number | Date last seen | Copy number | Price effective from | Koha item type |
|---|---|---|---|---|---|---|---|---|---|---|---|---|---|---|
| Dewey Decimal Classification | SEACOM MANAGEMENT COLLEGE | SEACOM MANAGEMENT COLLEGE | 11/10/2023 | 005.1 SOF | 161 | 11/10/2023 | 3 | 11/10/2023 | Books | |||||
| Dewey Decimal Classification | SEACOM MANAGEMENT COLLEGE | SEACOM MANAGEMENT COLLEGE | 11/10/2023 | 005.1 SOF | 162 | 11/10/2023 | 4 | 11/10/2023 | Books | |||||
| Dewey Decimal Classification | SEACOM MANAGEMENT COLLEGE | SEACOM MANAGEMENT COLLEGE | 11/10/2023 | 005.1 SOF | 163 | 11/10/2023 | 5 | 11/10/2023 | Books |
